Gender governane and feminist analysis (Record no. 998819)

MARC details
000 -LEADER
fixed length control field 01024nam a2200301Ia 4500
003 - CONTROL NUMBER IDENTIFIER
control field OSt
005 - DATE AND TIME OF LATEST TRANSACTION
control field 20221005092425.0
008 - FIXED-LENGTH DATA ELEMENTS--GENERAL INFORMATION
fixed length control field 221004b |||||||| |||| 00| 0 eng d
020 ## - INTERNATIONAL STANDARD BOOK NUMBER
International Standard Book Number 9781138674097 (hbk)
037 ## - SOURCE OF ACQUISITION
Terms of availability Textual
040 ## - CATALOGING SOURCE
Original cataloging agency CRL
Transcribing agency CRL
Language of cataloging eng
041 ## - LANGUAGE CODE
Source of code eng
Language code of text/sound track or separate title eng
100 ## - MAIN ENTRY--PERSONAL NAME
Personal name Hudson Christine Ed.
9 (RLIN) 617293
245 #0 - TITLE STATEMENT
Title Gender governane and feminist analysis
Remainder of title missing in action?
260 ## - PUBLICATION, DISTRIBUTION, ETC.
Place of publication, distribution, etc. New York
Name of publisher, distributor, etc. Routledge USA
Date of publication, distribution, etc. 2017
300 ## - PHYSICAL DESCRIPTION
Extent xiii,198p.
Dimensions cm.
490 ## - SERIES STATEMENT
Series statement Routledge studies ingender and global politics
650 ## - SUBJECT ADDED ENTRY--TOPICAL TERM
Topical term or geographic name entry element GENDER ROLE
9 (RLIN) 34120
650 ## - SUBJECT ADDED ENTRY--TOPICAL TERM
Topical term or geographic name entry element FEMINISM
700 ## - ADDED ENTRY--PERSONAL NAME
Personal name Ronnblom Malin Ed.
9 (RLIN) 617294
700 ## - ADDED ENTRY--PERSONAL NAME
Personal name Teghtsoonian Katherine Ed.
9 (RLIN) 617295
942 ## - ADDED ENTRY ELEMENTS (KOHA)
Classification part Y15, Q7
Koha item type Textual
Source of classification or shelving scheme
Holdings
Withdrawn status Lost status Damaged status Not for loan Home library Current library Date acquired Source of acquisition Total Checkouts Full call number Barcode Date last seen Price effective from Koha item type
        Central Library Central Library 2022-10-05 373, 12/03/2018, Classic Book Service   Y15 Q7 CL1642504 2022-10-05 2022-10-05 Textual
Copyright @ Delhi University Library System